00596nam a2200205 a 450000100060000000300080000600500170001400800410003103500190007204000270009104100080011808200220012610000190014824500980016726000380026530000260030350400270032965000130035670000210036962524BD-RjUL20211209081108.0170124s1950 enk b 010 0deng d a(BD-RjUL)62650 aDLCcCINdBD-RjULbeng aeng a306223bLEC 1950 aLeavis, F. R. 00aCulture and environment :bthe training of critical awareness /cF. R. Leavis, Denys Thompson aLondon :bChatto & Windus,c1950. avii, 150 p. ;c18 cm. aIncludes Bibliography. aCulture. aThompson, Denys